Immigration to Switzerland by Country - Statistics

General Stats
  • This quiz has been taken 94 times
    93 since last reset
  • The average score is 15 of 20
Answer Stats
Population (2024) Country % Correct
298,000 Italy
98%
306,000 Germany
96%
110,000 France
94%
460,000 Portugal
91%
20,000 United States
91%
40,000 United Kingdom
90%
39,000 Austria
89%
75,000 Spain
89%
120,000 Turkey
89%
121,000 Serbia
85%
200,000 Albania
83%
100,000 Kosovo
81%
25,000 India
79%
80,000 Croatia
75%
46,000 Bosnia and Herzegovina
68%
62,000 North Macedonia
68%
69,000 Montenegro
50%
73,000 Nigeria
39%
26,000 D. R. Congo
31%
51,000 Sri Lanka
31%
No matching quizzes found
Score Distribution
Percent of People with Each Score
Percentile by Number Answered
Your Score History
You have not taken this quiz since the last reset